Agnisakshi (Record no. 70610)

MARC details
000 -LEADER
fixed length control field 00392nam a2200133Ia 4500
008 - FIXED-LENGTH DATA ELEMENTS--GENERAL INFORMATION
fixed length control field 211109s9999||||xx |||||||||||||| ||und||
082 ## - DEWEY DECIMAL CLASSIFICATION NUMBER
Classification number 548.42
Item number ANT-A
100 ## - MAIN ENTRY--PERSONAL NAME
Personal name Antharjanam, Lalithambika
245 #0 - TITLE STATEMENT
Title Agnisakshi
260 ## - PUBLICATION, DISTRIBUTION, ETC.
Name of publisher, distributor, etc. Kamalalya Printing Works
Place of publication, distribution, etc. Thiruvananthapuram
630 ## - SUBJECT ADDED ENTRY--UNIFORM TITLE
General subdivision GENERAL STACK
650 ## - SUBJECT ADDED ENTRY--TOPICAL TERM
Topical term or geographic name entry element NATURAL SCIENCES & MATHEMATICS
942 ## - ADDED ENTRY ELEMENTS (KOHA)
Koha item type BOOK
650 ## - SUBJECT ADDED ENTRY--TOPICAL TERM
Form subdivision CRYSTALLOGRAPHYGeneralia
Holdings
Withdrawn status Lost status Damaged status Not for loan Home library Current library Date acquired Total Checkouts Full call number Barcode Shelving location Date last seen Price effective from Koha item type
        SB LIBRARY SB LIBRARY 09/11/2021   548.42 ANT-A 00054841 GENERAL STACK 09/11/2021 09/11/2021 BOOK

Powered by Koha